Países de la Copa Mundial Femenina Sub-17 de 2025 - Estadísticas

Estadísticas generales
  • Esta prueba ha sido intentada 12 veces
  • La puntuación promedio es 15 de 24
Estadísticas de respuestas
Equipos % Correcto
España
91%
Estados Unidos
91%
Brasil
82%
Francia
82%
Italia
82%
Japón
82%
China
73%
Corea del Sur
73%
Marruecos
73%
México
73%
Nueva Zelanda
73%
Colombia
64%
Países Bajos
64%
Canadá
55%
Corea del Norte
55%
Nigeria
55%
Noruega
55%
Costa Rica
45%
Ecuador
45%
Paraguay
45%
Costa de Marfil
36%
Camerún
27%
Samoa
27%
Zambia
27%
No se encontraron pruebas coincidentes
Distribución de puntuación
Porcentaje de gente con cada puntuación
Porcentaje por número respondido
Historial de tus puntuaciones
No has intentado esta prueba.